000 00520nam a2200169Ia 4500
008 241115s9999 xx 000 0 und d
020 _a978-981-4133-03-6
082 _a428 KIR
100 _aKirkpatrick,, Betty
245 0 _aVocabulary Building 4: a workbook specially designed to improve the vocabulary and writing skills of students
250 _a1st ed.
260 _aSingapore:
_bLearnce Publishing,
_c2004
300 _av,136p.
600 _aHumanities & Natural Science
650 _aLanguage
942 _cBBD
999 _c26636
_d26636